| 000 | 00459nam a2200181Ia 4500 | ||
|---|---|---|---|
| 001 | 13288 | ||
| 005 | 20260306164750.0 | ||
| 008 | 260306t2011||||xx |||||||||||||| ||spa|| | ||
| 041 | _aESP | ||
| 082 |
_a001.42 _bL31 |
||
| 100 |
_aLavado Mallqui , Lucas _eAUT |
||
| 245 | 0 | _aMetodología de la investigación en ciencia y tecnología | |
| 260 | _c2011 | ||
| 300 |
_a123 páginas : _c24 cm. |
||
| 650 | _aGEN | ||
| 654 | _aCHU | ||
| 942 |
_cLIB _dJUS _fJUS _2ddc _n |
||
| 999 |
_c13288 _d13288 |
||